Skleněné areometry s neproměnnou hmotností. STN 25 7603 : Společná ustanovení. Účinnost: 1.3.1979
Guardado en:
| Formato: | Libro |
|---|---|
| Lenguaje: | checo |
| Publicado: |
Praha :
Úřad pro normalizaci a měření,
1978
|
| Materias: | |
| Etiquetas: |
Sin Etiquetas, Sea el primero en etiquetar este registro!
|
MARC
| LEADER | 00000nam a22000003a 4500 | ||
|---|---|---|---|
| 001 | stu79472 | ||
| 005 | 20150408175433.9 | ||
| 008 | 030305s1978----cs------------------cze-d | ||
| 040 | |a STU |b slo | ||
| 041 | 0 | |a cze | |
| 044 | |a cs | ||
| 245 | |a Skleněné areometry s neproměnnou hmotností. STN 25 7603 : |b Společná ustanovení. Účinnost: 1.3.1979 | ||
| 260 | |a Praha : |b Úřad pro normalizaci a měření, |c 1978 | ||
| 300 | |a 19 s | ||
| 650 | 7 | |a areometre sklené |2 stusub | |
| 996 | |b 284M039363 |c M*N-765-1 |l MMKN |s A |a 24 |w stu79472_0001 | ||